000
00279nam a2200121Ia 4500
008
220204s9999 xx 000 0 und d
082
_a
82-3
_b
HAY
100
_a
Cournos, J
245
0
_a
World of great stories
260
_a
New York
_b
Arenal
700
_a
Haydon, H
942
_c
BK
999
_c
34235
_d
34235